The Wheel of Time - A Crown of Swords Chapters - Statistics

General Stats
  • This quiz has been taken 38 times
  • The average score is 24 of 42
Answer Stats
Hint Answer % Correct
Ch. 41 A Crown of Swords
100%
Ch. 36 Blades
75%
Prologue Lightnings
75%
Ch. 31 Mashiara
75%
Ch. 23 Next Door to a Weaver
75%
Ch. 38 Six Stories
75%
Ch. 21 Swovan Night
75%
Ch. 29 The Festival of Birds
75%
Ch. 30 The First Cup
75%
Ch. 24 The Kin
75%
Ch. 33 A Bath
50%
Ch. 5 A Broken Crown
50%
Ch. 12 A Morning of Victory
50%
Ch. 11 An Oath
50%
Ch. 37 A Note from the Palace
50%
Ch. 9 A Pair of Silverpike
50%
Ch. 18 As the Plow Breaks the Earth
50%
Ch. 16 A Touch on the Cheek
50%
Ch. 28 Bread and Cheese
50%
Ch. 19 Diamonds and Stars
50%
Ch. 1 High Chasaline
50%
Ch. 3 Hill of the Golden Dawn
50%
Ch. 15 Insects
50%
Ch. 4 Into Cairhien
50%
Ch. 35 Into the Woods
50%
Ch. 25 Mindtrap
50%
Ch. 6 Old Fear, New Fear
50%
Ch. 20 Patterns Within Patterns
50%
Ch. 7 Pitfalls and Tripwires
50%
Ch. 39 Promises to Keep
50%
Ch. 32 Sealed to the Flame
50%
Ch. 22 Small Sacrifices
50%
Ch. 40 Spears
50%
Ch. 34 Ta'veren
50%
Ch. 13 The Bowl of the Winds
50%
Ch. 2 The Butcher's Yard
50%
Ch. 8 The Figurehead
50%
Ch. 26 The Irrevocable Words
50%
Ch. 17 The Triumph of Logic
50%
Ch. 27 To Be Alone
50%
Ch. 10 Unseen Eyes
50%
Ch. 14 White Plumes
50%
No matching quizzes found
Score Distribution
Percent of People with Each Score
Percentile by Number Answered
Your Score History
You have not taken this quiz